000 00627nam a2200193 u 4500
001 000620071
003 AM-YeHGA
005 20250617140003.0
008 081215s1961 ||| r 000 0 rus d
040 _aAM-YeHGA
041 1 _arus
_hchv
100 1 _aУхсай, Яков Константинович
245 1 0 _aСтихи :
_bПеревод с чувашского /
_cЯков Ухсай.
260 _aМосква :
_bГослитиздат,
_c1961.
300 _a158 с. :
_bпортр., ил.
440 0 _aБ-ка советской поэзии
653 0 _aЧувашская поэзия
090 _c212577
999 _c211068
_d211068